Введение в квантовые компьютеры: пер. с англ.

Dettagli Bibliografici
Altri autori: Берман Г. П., Дулен Г. Д., Майньери Р., Цифринович В. И.
Riassunto:При помощи квантовых вычислений можно будет решать задачи, которые трудноразрешимы при использовании обычных цифровых компьютеров. Квантовые алгоритмы с высокой степенью параллелизма могут на несколько порядков уменьшить время вычисления для некоторых задач. В данной книге объясняется, как квантовые компьютеры могут творить столь изумительные вещи. Показывается несколько алгоритмов: дискретное фурье-преобразование, алгоритм Шора для первичной факторизации, алгоритмы для квантовых логических вентилей, физические реализации квантовых логических вентилей на ионах в ловушке и в цепочках спинов, простейшие схемы квантовой коррекции ошибок; коррекция ошибок, вызванных несовершенством резонансных импульсов; коррекция ошибок, вызванных нерезонансным действием импульсов, а также численное моделирование динамического поведения квантового вентиля CONTROL-NOT. В данной книге также представлен обзор некоторых основных элементов информатики, включая машину Тьюринга, булеву алгебру и логические вентили. Объясняются необходимые квантовые идеи.
Lingua:russo
Pubblicazione: Москва, Институт компьютерных исследований, 2004
Soggetti:
Natura: MixedMaterials Libro
KOHA link:https://koha.lib.tpu.ru/cgi-bin/koha/opac-detail.pl?biblionumber=81409

MARC

LEADER 00000nam0a2200000 4500
001 81409
005 20231031095136.0
010 |a 593972373X 
035 |a (RuTPU)RU\TPU\book\87509 
090 |a 81409 
100 |a 20050920d2004 k y0rusy50 ca 
101 1 |a rus  |c eng 
102 |a RU 
105 |a a z 001zy 
200 1 |a Введение в квантовые компьютеры  |e пер. с англ.  |f Г. П. Берман, Г. Д. Дулен, Р. Майньери, В. И. Цифринович 
210 |a Москва  |a Ижевск  |c Институт компьютерных исследований  |d 2004 
215 |a 188 с.  |c ил. 
320 |a Библиогр.: с. 181-184 
320 |a Предметный указатель: с. 185-187 
330 |a При помощи квантовых вычислений можно будет решать задачи, которые трудноразрешимы при использовании обычных цифровых компьютеров. Квантовые алгоритмы с высокой степенью параллелизма могут на несколько порядков уменьшить время вычисления для некоторых задач. В данной книге объясняется, как квантовые компьютеры могут творить столь изумительные вещи. Показывается несколько алгоритмов: дискретное фурье-преобразование, алгоритм Шора для первичной факторизации, алгоритмы для квантовых логических вентилей, физические реализации квантовых логических вентилей на ионах в ловушке и в цепочках спинов, простейшие схемы квантовой коррекции ошибок; коррекция ошибок, вызванных несовершенством резонансных импульсов; коррекция ошибок, вызванных нерезонансным действием импульсов, а также численное моделирование динамического поведения квантового вентиля CONTROL-NOT. В данной книге также представлен обзор некоторых основных элементов информатики, включая машину Тьюринга, булеву алгебру и логические вентили. Объясняются необходимые квантовые идеи. 
610 1 |a квантовые компьютеры 
610 1 |a машина Тьюринга 
610 1 |a булевы алгебры 
610 1 |a дискретное преобразование Фурье 
610 1 |a числа 
610 1 |a квантовая факторизация 
610 1 |a логические вентили 
610 1 |a унитарные преобразования 
610 1 |a квантовая динамика 
610 1 |a квантовые вычисления 
610 1 |a ядерные спины 
610 1 |a линейные цепи 
610 1 |a ошибки 
610 1 |a коррекция 
610 1 |a алгоритм Шора 
610 1 |a CONTROL-NOT 
675 |a 681.3  |v 3 
675 |a 530.145  |v 3 
701 1 |a Берман  |b Г. П. 
701 1 |a Дулен  |b Г. Д. 
701 1 |a Майньери  |b Р. 
701 1 |a Цифринович  |b В. И. 
801 1 |a RU  |b 63413507  |c 20050920  |g PSBO 
801 2 |a RU  |b 63413507  |c 20141203  |g PSBO 
942 |c BK